| 000 | 02054nam a2200373 c 4500 | ||
|---|---|---|---|
| 003 | BLK | ||
| 005 | 20230406030500.0 | ||
| 008 | 180409b bul|||||r ||||||| ||bul|| | ||
| 010 | _aKNG00101773000 | ||
| 040 | _aBLK | ||
| 041 |
_aBUL _cBUL |
||
| 080 |
_aБългарска литература в основното училище. Методика на обучението _b373.3.016:821.163.2 _x(075.2) _z373.3.016:821.163.2(075.2) |
||
| 080 |
_aЛитературна дейност. Редактиране. Култура на речта. Стилистика. Литературна техника _b808 _x(075.2) _z808(075.2) |
||
| 100 | 1 |
_aМитева, Елена _eпърви автор _9366909 |
|
| 700 | 1 |
_aМитева, Елена _eсъстав. и ред. _9366909 |
|
| 139 |
_aСъчинение разсъждение _bС 97 |
||
| 245 | 1 | 0 |
_aСъчинение разсъждение _bПомагало за ученици от среден и горен курс : Ч. 1 - _cЕлена Митева; състав. и ред. Елена Митева. _nЧ. 3 |
| 257 | _aBGR | ||
| 260 |
_аСофия _bВеди _c2001 - |
||
| 300 | _c23 см | ||
| 380 | _a82 | ||
| 500 | _aДр. авт.: В. Инева, Д. Миронова, Н. Кирева, Е. Руйчева, В. Пенчева, В. Симеонова, Т. Маринова, Р. Дакова, К. Налджиева, В. Константинова, Т. Виденова, Н. Ставрева, Р. Парапанова, Л. Малинова. | ||
| 650 | 4 |
_aБългарска литература _9243597 |
|
| 650 | 4 |
_aСъчинение и преразказ _9262069 |
|
| 653 | _aбългарска литература | ||
| 653 | _aлитературна критика | ||
| 653 | _aсъчинение разсъждение | ||
| 760 | 1 |
_aМитева, Елена _d2001 _h612 с. _tЧ. 3 |
|
| 852 | _aЦб 217243 | ||
| 856 | 4 |
_qpdf _u |
|
| 856 | 4 |
_qpdf _u |
|
| 942 |
_cKNG _n0 |
||
| 944 |
_aCR _c01.01.1999 _lф / _kЛюдмила_Стоянова |
||
| 944 |
_aED _c09.11.2016 _lф / _kЛюдмила_Стоянова |
||
| 999 |
_c96868 _d96868 |
||